Statistiques concernant Drapeaux américains.

Cliquez ici pour prendre le quiz!

Statistiques générales

  • Ce quiz a été pris 795 fois
    (648 depuis la dernière actualisation)
  • Le résultat moyen est 27 sur 35

Statistiques - réponses

Réponse% Correct
États-Unis
99%
Argentine
97%
Brésil
96%
Canada
96%
Colombie
96%
Mexique
96%
Venezuela
95%
Uruguay
93%
Chili
92%
Equateur
92%
Jamaïque
92%
Panama
91%
Pérou
89%
Cuba
85%
Costa Rica
81%
Honduras
79%
République dominicaine
78%
Barbade
77%
Haiti
77%
Paraguay
76%
Bolivie
74%
Nicaragua
72%
Bahamas
70%
Salvadore
68%
Trinité-et-Tobago
68%
Guatemala
67%
Bélize
66%
Sainte-Lucie
66%
Suriname
65%
Dominique
62%
Guyana
60%
Saint-Vincent-et-les-Grenadines
60%
Antigua-et-Barbuda
59%
Grenade
58%
Saint-Christophe-et-Niévès
52%

Distribution des résultats

Percentile par nombre de réponses

% des personnes avec chaque résultat

Votre développement - résultats

Vous n’avez pas pris ce quiz depuis la dernière actualisation